Can you name the Green Lantern enemies? Quiz Stats

 Plays Quiz not verified by Sporcle

Score 0/10 Timer 03:00
0 Plays Today
Hint Villain % Correct
Rouge Green Lantern, now wields yellow ring powered by the yellow light of fear, leads his own Corps based on the anti-matter world of QwardSinestro
98.8%
Alter- ego of Carol Ferris, Star _ _ _ _ _ _ _ _ Star Sapphire
88.8%
Fear- EntityParallax
85.1%
before his death he was known as William Hand Black Hand
79.9%
android police force created by the Gaurdians, they rebeled due to a programming glitch.Manhunter
79.5%
the biggest enemy of the entire multiverseAnti-Monitor
65.9%
The ruler of a dimension known as Lord of the unlivingNekron
61%
renegade Oan scientist who peered back to the beginning of time, creating the multiverseKrona
53%
last survivor of planet XanshiFatality
39.4%
possesses the powerful 'starband,' which draws power from the stars themselvesEvil Star
20.5%

You're not logged in!

Compare scores with friends on all Sporcle quizzes.
OR
Log In

Show Comments

Extras

Top Quizzes Today


Score Distribution

Your Account Isn't Verified!

In order to create a playlist on Sporcle, you need to verify the email address you used during registration. Go to your Sporcle Settings to finish the process.

Report this User

Report this user for behavior that violates our Community Guidelines.

Details: